| 000 | 01019nam a22002898a 4500 | ||
|---|---|---|---|
| 001 | 1451274 | ||
| 003 | CO-ViMGA | ||
| 005 | 20230915233611.0 | ||
| 008 | 151026s2014 ck a j 000 0 spa | ||
| 020 | _a9789583045028 | ||
| 040 |
_aCO-ViMGA _bspa _cCO-ViMGA |
||
| 041 | 0 | _hfre | |
| 043 | _ae-fr--- | ||
| 082 | 0 | 4 |
_aI833.91 _bG65p _221 |
| 100 | 1 |
_aGonnard, Christel. _9586 |
|
| 245 | 1 | 3 |
_aEl Principito : _bel planeta de los globus / _cChristel Gonnard ; traducción Jorge Eduardo Salgar. |
| 250 | _aEditora Marcela Carrasquilla Henao. | ||
| 260 |
_aBogot :̀ _bPanamericana Editorial, _c2014. |
||
| 300 |
_a49 páginas : _bilustraciones ; _c29 cm. |
||
| 534 |
_pTítulo original : _tLe petit prince, la planẗe des globus. |
||
| 650 | 1 | 4 |
_aCuentos infantiles franceses. _9333 |
| 650 | 1 | 4 |
_aLibros ilustrados para niños. _964 |
| 650 | 1 | 4 |
_aPlanetas _v Cuentos infantiles. _9587 |
| 700 | 1 |
_aCarrasquilla, Marcela, _eeditora. _9214 |
|
| 700 | 1 |
_aSalgar, Jorge Eduardo, _etraductor. _9583 |
|
| 942 |
_2ddc _cBK |
||
| 999 |
_c37256 _d37256 |
||